000 02297nam0a2200361 i 4500
001 RU\NLR\BIBL_A\010026060
005 20240921214951.0
021 _aRU
_b2013-96769
_96712
035 _a(NILC)RuMoRGB-006705391
035 _a(NLR Aleph) 010026060
090 _a9925084
_c9925084
100 _a20140129d2012 u y0rusy50 ca
101 0 _arus
102 _aRU
105 _aa|||j||||01yy
200 1 _aСинтез схем экстрактивной ректификации трехкомпонентных азеотропных смесей
_eучебное пособие
_fАнохина Е.А., Тимошенко А.В., Скворцова М.И., Рудаков Д.Г
_gМ-во образования и науки Рос. Федерации, Федер. гос. бюджет. образоват. учреждение высш. проф. образования "Моск. гос. ун-т тонких хим. технологий им. М. В. Ломоносова", Каф. химии и технологии основного орган. синтеза
210 _aМосква
_cМИТХТ
_d2012
215 _a59 с.
_cил.
_d21
320 _aБиблиогр.: с. 57-59 (28 назв.)
606 _aРектификация экстрактивная
_jУчебные издания для высших учебных заведений
_91502969
_3RU\NLR\AUTH\66953686
606 _aАзеотропные смеси тройные
_jУчебные издания для высших учебных заведений
_xРазделение
_92174154
_3RU\NLR\AUTH\6601543981
675 _a661.715.3.02(075.8)
686 1 _aЛ113.1я73-1
701 1 _aАнохина
_bЕ. А.
_cканд. техн. наук
_gЕлена Анатольевна
_9138512
_3RU\NLR\AUTH\770138547
701 1 _aТимошенко
_bА. В.
_cд-р техн. наук
_gАндрей Всеволодович
_9138525
_3RU\NLR\AUTH\770138560
701 1 _aСкворцова
_bМ. И.
_cд-р физ.-мат. наук
_gМария Ивановна
_9129662
_3RU\NLR\AUTH\770129693
701 1 _aРудаков
_bД. Г.
_gДанила Григорьевич
801 0 _aRU
_bRuMoRKP
_c20131202
_gRCR
801 2 _aRU
_bРГБ
_c20131219
_grcr
942 _cBOOK
980 _aNBR